An Introduction To Islamic Finance (Record no. 348514)

000 -LEADER
fixed length control field 00761 a2200229 4500
003 - CONTROL NUMBER IDENTIFIER
control field OSt
005 - DATE AND TIME OF LATEST TRANSACTION
control field 20180116182923.0
008 - FIXED-LENGTH DATA ELEMENTS--GENERAL INFORMATION
fixed length control field 170731b xxu||||| |||| 00| 0 eng d
020 ## - INTERNATIONAL STANDARD BOOK NUMBER
International Standard Book Number 0
040 ## - CATALOGING SOURCE
Transcribing agency 0
082 ## - DEWEY DECIMAL CLASSIFICATION NUMBER
Classification number 332.0917 USM 2007
100 1# - MAIN ENTRY--PERSONAL NAME
Personal name Muhammad Taqi Usmani
245 10 - TITLE STATEMENT
Title An Introduction To Islamic Finance
Statement of responsibility, etc. Muhammad Taqi Usmani
260 ## - PUBLICATION, DISTRIBUTION, ETC.
Place of publication, distribution, etc. Karachi Pakistan
Name of publisher, distributor, etc. Maktaba Ma'ariful Qura'n
Date of publication, distribution, etc. 2003.
300 ## - PHYSICAL DESCRIPTION
Extent 246 p.
Other physical details HB
440 ## - SERIES STATEMENT/ADDED ENTRY--TITLE
Title An Introduction To Islamic Finance
490 1# - SERIES STATEMENT
Series statement Parco.
520 ## - SUMMARY, ETC.
Summary, etc. 331-page hardcover book with dust jacket and attached cloth ribbon marker.
830 #0 - SERIES ADDED ENTRY--UNIFORM TITLE
Uniform title Parco.
856 40 - ELECTRONIC LOCATION AND ACCESS
Materials specified Amazon.com
Uniform Resource Identifier <a href="http://www.amazon.com/exec/obidos/ASIN/9698625127/chopaconline-20">http://www.amazon.com/exec/obidos/ASIN/9698625127/chopaconline-20</a>
942 ## - ADDED ENTRY ELEMENTS (KOHA)
Institution code [OBSOLETE] NBS
Koha item type Book
Call number prefix 332.0917 USM 2007
Source of classification or shelving scheme
Holdings
Withdrawn status Lost status Source of classification or shelving scheme Damaged status Not for loan Collection code Permanent Location Current Location Shelving location Date acquired Total Checkouts Total Renewals Full call number Barcode Checked out Date last seen Date last checked out Price effective from Koha item type
            Central Library (CL) Central Library (CL) General Stacks 08/28/2013 5 6 332.0917 USM 2007 NBSD-1428 01/22/2026 09/24/2025 09/24/2025 08/28/2013 Book
© 2023 Central Library, National University of Sciences and Technology. All Rights Reserved.